00449nam a2200169Ia 4500003000400000008004100004040001600045082001300061100001600074245005900090700001400149700002000163260004700183300001100230650001400241650002400255GCL140319s9999 xx 000 0 eng d aGCL / cGCL04a546bM S1 aMADAN, R.D.10aSELECTED TOPICS IN INORGANIC CHEMISTRY / cMADAN, R.D.1 aTULI, G.D1 aMALIK, WAHID U. a[S.N] : bS. CHAND & COMPANY LTD ، c1993 a660 PP04aCHEMISTRY04aINORGANIC CHEMISTRY